Score 0/20 Timer 02:00
2 Plays Today
Video Game Missing Word % Correct
Super ___ KartMario
98.5%
Grand ___ Auto: San AndreasTheft
96%
Sonic the ___Hedgehog
95%
___ Kombat IIIMortal
93.4%
___ InvadersSpace
85.1%
___ Kong Country Donkey
83.4%
Final ___ VIIFantasy
79.6%
Call of Duty: ___ Warfare 2Modern
76.3%
___ BandicootCrash
75.6%
Metal ___ SolidGear
71.3%
Video Game Missing Word % Correct
Super ___ Bros. BrawlSmash
68.9%
___ Fighter II: The World WarriorStreet
67.4%
Wii ___ ResortSports
62.2%
Tom Clancy's ___ CellSplinter
61.2%
Zelda II: The Adventure of ___Link
58.1%
Kingdom ___Hearts
54.3%
Gran ___ 3: A-SpecTurismo
52.8%
___ Evil Code: VeronicaResident
46.8%
Missile ___Command
27.5%
Dragon ___ IIIWarrior
27.4%

Today's Daily Dose

You're not logged in!

Compare scores with friends on all Sporcle quizzes.
OR
Log In

Sporcle TV

Today on Sporcle TV


Watch our educational content, quiz creation guides, and fun videos on Sporcle TV.

Show Comments

Extras

Top Quizzes Today


Score Distribution

Your Account Isn't Verified!

In order to create a playlist on Sporcle, you need to verify the email address you used during registration. Go to your Sporcle Settings to finish the process.

Report this User

Report this user for behavior that violates our Community Guidelines.

Details: